00277nam a2200121Ia 4500008004100000100001700041245002700058260001900085300000800104650001900112942000700131999001700138190216s9999||||xx |||||||||||||| ||und|| aThornley G C 2aA Number Of The Things bLongmansc1965 a74p aEnglish Poetry cBK c11777d11777